[Event "Tourn. n8159"]
[Site "www.chess-mail.com"]
[Date "2015.05.03"]
[Round "1"]
[White "Vinvangogh"]
[Black "Anja"]
[WhiteElo "1510"]
[BlackElo "1680"]
[Result "0-1"]
[Round "1"]
1.e4 Ng8f6
2.Nb1c3 d5
3.d4 dxe4
4.b3 Bc8f5
5.Bf1b5 c6
6.Bb5a4 b5
7.Ra1b1 bxa4
8.bxa4 Nf6d5
9.Ng1e2 e6
10.O-O Bf8e7
11.Bc1b2 Nb8d7
12.Ne2g3 Nd7f6
13.Nc3e2 O-O
14.f4 Nd5e3
15.Qd1d2 Ne3xf1
16.Rb1xf1 c5
17.c3 Ra8b8
18.Rf1b1 e3
19.Qd2c1 Bf5xb1
20.Qc1xb1 Qd8b6
21.Ng3e4 Qb6xb2
22.Qb1xb2 Rb8xb2
23.dxc5 Nf6xe4
24.Kf1 Rb2b1
25.Ne2c1 Ne4xc3
26.g4 e2
27.Ke1 Rb1xc1
{ resign }
0-1

[Event "Tourn. n8168"]
[Site "www.chess-mail.com"]
[Date "2015.05.03"]
[Round "1"]
[White "Xkafi"]
[Black "Osopanda"]
[WhiteElo "1950"]
[BlackElo "1990"]
[Result "0-1"]
[Round "1"]
1.e4 c5
2.Bf1c4 e6
3.d4 cxd4
4.Qd1xd4 Nb8c6
5.Qd4d1 d6
6.Ng1f3 Ng8f6
7.Bc1g5 Bf8e7
8.Nb1c3 O-O
9.h4 a6
10.Nf3d4 Nc6xd4
11.Qd1xd4 b5
12.Bc4d3 Bc8b7
13.f3 Ra8c8
14.Qd4f2 Qd8a5
15.Bg5d2 Qa5c7
16.g4 Rf8d8
17.Nc3e2 d5
18.Ne2g3 dxe4
19.Ng3xe4 Nf6xe4
20.fxe4 Be7c5
21.Bd2e3 Bc5d6
22.O-O-O Bd6g3
23.Qf2g1 Bg3f4
24.Rd1f1 Rd8xd3
{ resign }
0-1

[Event "Tourn. n8100"]
[Site "www.chess-mail.com"]
[Date "2015.05.03"]
[Round "1"]
[White "Abuelo"]
[Black "Liencam2"]
[WhiteElo "2100"]
[BlackElo "2290"]
[Result "0-1"]
[Round "1"]
1.e4 c5
2.Nb1c3 e6
3.Bf1c4 Nb8c6
4.Ng1f3 a6
5.a4 Ng8f6
6.d3 d5
7.exd5 exd5
8.Qd1e2 Bf8e7
9.Bc4b3 O-O
10.O-O Bc8g4
11.h3 Nc6d4
12.Qe2e3 Nd4xb3
13.cxb3 d4
14.Qe3e2 Bg4xf3
15.Qe2xf3 dxc3
16.bxc3 Ra8b8
17.Bc1f4 Be7d6
18.Bf4g5 Bd6e5
19.Ra1c1 Qd8d6
20.Rf1e1 Nf6d5
21.c4 Nd5b4
22.Re1e3 Be5d4
23.Bg5e7 Qd6g6
24.Be7xf8 Bd4xe3
25.Qf3xe3 Rb8xf8
26.d4 cxd4
27.Qe3xd4 Nb4c6
28.Qd4d7 Nc6d8
29.Rc1e1 Qg6c6
30.Qd7e7 Nd8e6
31.Qe7b4 Rf8b8
32.Qb4c3 b5
33.axb5 axb5
34.Qc3b4 Ne6f4
35.cxb5 Qc6xg2
{ resign }
0-1

[Event "Tourn. n8147"]
[Site "www.chess-mail.com"]
[Date "2015.05.03"]
[Round "1"]
[White "Gilliere"]
[Black "Anja"]
[WhiteElo "1850"]
[BlackElo "1680"]
[Result "0-1"]
[Round "1"]
1.e4 Ng8f6
2.e5 Nf6d5
3.d4 d6
4.c4 Nd5b6
5.exd6 cxd6
6.h3 g6
7.Ng1f3 Bf8g7
8.Nb1c3 Nb8c6
9.d5 Nc6e5
10.b3 Ne5xc4
11.Qd1c2 Nc4e5
12.Bc1b2 Ne5xf3
13.gxf3 Bc8f5
14.Bf1d3 Bf5xd3
15.Qc2xd3 Ra8c8
16.Ra1c1 O-O
17.Kf1 Qd8d7
18.Kg2 Rc8c5
19.Bb2a1 Rf8c8
20.Rc1c2 Bg7xc3
21.Ba1xc3 Nb6xd5
22.Qd3d4 Rc5xc3
23.Rc2xc3 Nd5xc3
24.Qd4d2 Qd7f5
25.a4 Nc3d5
26.Rh1c1 Rc8xc1
27.Qd2xc1 Nd5f4
28.Kh2 Qf5xh3
29.Kg1 Qh3g2

0-1

[Event "Tourn. n8165"]
[Site "www.chess-mail.com"]
[Date "2015.05.03"]
[Round "1"]
[White "Cyrilgeorge"]
[Black "Rodemund"]
[WhiteElo "1429"]
[BlackElo "1610"]
[Result "1-0"]
[Round "1"]
1.e4 a6
2.d4 e6
3.e5 d5
4.c4 Nb8c6
5.Ng1f3 h6
6.c5 Ng8e7
7.Bf1d3 b5
8.O-O Ne7f5
9.Bd3xf5 exf5
10.a4 b4
11.b3 a5
12.Qd1d3 g6
13.Nb1d2 Bc8a6
14.Nd2c4 dxc4
15.bxc4 Bf8xc5
16.Bc1e3 O-O
17.Rf1d1 Qd8d5
18.cxd5 Ba6xd3
19.dxc6 Bd3e4
20.dxc5 Be4xc6
21.Nf3d4 Bc6e4
22.Be3xh6 { resign }
1-0

[Event "Tourn. n8165"]
[Site "www.chess-mail.com"]
[Date "2015.05.03"]
[Round "1"]
[White "Rodemund"]
[Black "Anja"]
[WhiteElo "1610"]
[BlackElo "1670"]
[Result "0-1"]
[Round "1"]
1.e4 Ng8f6
2.Nb1c3 d5
3.e5 d4
4.exf6 dxc3
5.fxg7 cxd2
6.Bc1xd2 Bf8xg7
7.c3 Nb8c6
8.Ng1f3 Bc8g4
9.h3 Bg4h5
10.g4 Bh5g6
11.Bf1e2 Qd8d7
12.O-O O-O-O
13.Qd1b3 Nc6e5
14.Ra1d1 Qd7c6
15.Nf3g5 h6
16.f4 hxg5
17.fxe5 Rh8xh3
{ resign }
0-1

[Event "Tourn. n8080"]
[Site "www.chess-mail.com"]
[Date "2015.05.03"]
[Round "1"]
[White "Libiesse"]
[Black "Falcoale"]
[WhiteElo "1980"]
[BlackElo "1860"]
[Result "1-0"]
[Round "1"]
1.d4 Ng8f6
2.c4 b6
3.Nb1c3 Bc8b7
4.f3 e6
5.a3 d5
6.Bc1g5 h6
7.Bg5h4 Bf8e7
8.cxd5 Nf6xd5
9.Bh4xe7 Qd8xe7
10.e4 Nd5f4
11.Qd1d2 Nf4g6
12.Ng1e2 O-O
13.Ra1c1 Nb8c6
14.Ne2g3 Ra8d8
15.d5 exd5
16.Nc3xd5 Qe7e5
17.Bf1b5 Nc6d4
18.Bb5e2 Ng6f4
19.Qd2xf4 Qe5xf4
20.Nd5xf4 Nd4xe2
21.Kxe2 c5
22.Rh1d1 Bb7a6
23.Ke3 g5
24.Nf4d5 Kg7
25.Ng3f5 Kh7
26.Rd1d2 h5
27.Rc1d1 Rd8c8
28.Nd5f6 Kh8
29.Nf6xh5 Ba6c4
30.Rd2d6 Bc4e6
31.Nf5g7 b5
32.Ng7xe6 fxe6
33.Rd6xe6 c4
34.Rd1d7 a5
35.Re6h6 Kg8
36.Rd7g7 { resign }
1-0

[Event "Tourn. n8170"]
[Site "www.chess-mail.com"]
[Date "2015.05.03"]
[Round "1"]
[White "Jesmantiz"]
[Black "Yangqi"]
[WhiteElo "2240"]
[BlackElo "2120"]
[Result "0-1"]
[Round "1"]
1.d4 Ng8f6
2.e3 d5
3.Bf1d3 c5
4.c3 Nb8c6
5.f4 Bc8g4
6.Ng1f3 e6
7.a3 Bf8d6
8.O-O O-O
9.Nb1d2 cxd4
10.cxd4 Ra8c8
11.Qd1e1 Bg4f5
12.Bd3xf5 exf5
13.Nf3e5 Nf6e4
14.Rf1f3 Rf8e8
15.Nd2xe4 fxe4
16.Rf3h3 Bd6xe5
17.fxe5 Nc6a5
18.Bc1d2 Na5c4
19.Bd2c3 Re8e6
20.Qe1f2 h6
21.Ra1f1 Qd8d7
22.Rh3h5 Rc8c7
23.Bc3b4 a5
24.Bb4c3 b6
25.h3 Nc4xa3
26.Bc3xa5 bxa5
27.bxa3 a4
28.Rf1b1 Re6c6
29.Kh2 Rc7b7
30.Rb1b4 Rc6b6
31.Qf2e1 Rb6xb4
32.axb4 a3
33.Qe1a1 Rb7a7
34.Qa1a2 Qd7b5
35.Rh5f5 Qb5xb4
36.Rf5f2 Qb4c4
37.Rf2c2 Qc4xa2
38.Rc2xa2 Kf8
39.Kg3 Ke7
40.Kf4 Kd7
41.h4 Ra7a6
42.g4 Kc6
43.g5 hxg5
44.hxg5 Kb5
45.Kf5 g6
46.Kf4 Kb4
 { time }
0-1

[Event "Tourn. n7997"]
[Site "www.chess-mail.com"]
[Date "2015.05.03"]
[Round "1"]
[White "Osopanda"]
[Black "Falcoale"]
[WhiteElo "2020"]
[BlackElo "1880"]
[Result "1/2-1/2"]
[Round "1"]
1.c4 Nb8c6
2.Nb1c3 e6
3.d4 Bf8b4
4.a3 Bb4xc3
5.bxc3 Ng8f6
6.Ng1f3 O-O
7.a4 b6
8.g3 Bc8b7
9.Bf1g2 d5
10.Bc1a3 Rf8e8
11.cxd5 exd5
12.O-O Bb7a6
13.Rf1e1 Nf6e4
14.Qd1c2 Nc6a5
15.Nf3d2 Ra8c8
16.Nd2xe4 dxe4
17.Bg2xe4 h6
18.Be4f5 Rc8b8
19.e4 Na5c4
20.Ba3c1 c6
21.Bc1f4 Rb8b7
22.Ra1d1 g6
23.Bf5h3 Nc4d6
24.Bf4xh6 Rb7e7
25.e5 c5
26.f4 Nd6c4
27.Bh6g5 Qd8d5
28.Bh3g2 Qd5d8
29.Bg5xe7 Qd8xe7
30.d5 Nc4a5
31.d6 Qe7d7
32.Bg2d5 Na5b7
33.c4 Nb7d8
34.Qc2xg6 Kf8
35.Qg6h6 Kg8
36.e6 fxe6
37.Bd5f3 Qd7g7
38.Qh6xg7 Kxg7
39.Bf3e2 Re8h8
40.h4 Ba6b7
41.Kf2 Bb7c6
42.Be2g4 Bc6xa4
43.Rd1a1 Ba4b3
44.Ra1xa7 Kf6
45.Ra7a8 Bb3xc4
46.Re1b1 Nd8f7
47.Ra8xh8 Nf7xh8
48.Rb1xb6 Nh8f7
49.Rb6c6 Bc4d5
50.Rc6xc5 Nf7xd6
51.h5 Nd6e4
52.Ke3 Ne4xc5
53.Kd4 Nc5d7
54.Bg4e2 Nd7f8
55.g4 Bd5a2
56.Be2d3 Nf8d7
57.g5 Kg7
58.h6 Kh8
59.g6 Kg8
60.Bd3b5 Nd7f6
61.h7 Kg7
62.Bb5d3 Nf6d5
63.f5 exf5
64.Bd3xf5 Nd5e7
65.Ke5 Ne7xf5
66.Kxf5 Ba2b1
67.Kg5 Bb1c2
68.Kh5 { draw }
1/2-1/2

[Event "Tourn. n8139"]
[Site "www.chess-mail.com"]
[Date "2015.05.03"]
[Round "1"]
[White "Tartan"]
[Black "Szustan"]
[WhiteElo "2390"]
[BlackElo "2610"]
[Result "0-1"]
[Round "1"]
1.d4 d5
2.Ng1f3 Ng8f6
3.e3 e6
4.Bf1d3 Bf8e7
5.O-O O-O
6.Nb1d2 Nb8d7
7.e4 dxe4
8.Nd2xe4 Nf6xe4
9.Bd3xe4 Nd7f6
10.Be4d3 b6
11.Qd1e2 Bc8b7
12.Rf1d1 Qd8d6
13.c3 c5
14.dxc5 Qd6xc5
15.Bc1f4 Ra8d8
16.Bf4e3 Qc5c7
17.Be3d4 Bb7xf3
18.gxf3 Rd8d5
19.Rd1e1 Rf8d8
20.Ra1d1 Rd5g5
21.Kh1 Rd8xd4
{ resign }
0-1

[Event "Tourn. n8175"]
[Site "www.chess-mail.com"]
[Date "2015.05.03"]
[Round "1"]
[White "Forest"]
[Black "Azulmarino"]
[WhiteElo "1570"]
[BlackElo "1570"]
[Result "0-1"]
[Round "1"]
1.c4 b6
2.Nb1c3 Nb8c6
3.d4 e6
4.Ng1f3 d5
5.e3 Bf8b4
6.Bc1d2 Ng8f6
7.cxd5 exd5
8.Bf1b5 Bc8b7
9.Nf3e5 Qd8d6
10.Qd1a4 O-O
 { time }
0-1

[Event "Tourn. n8072"]
[Site "www.chess-mail.com"]
[Date "2015.05.03"]
[Round "1"]
[White "Falcoale"]
[Black "Andreachess"]
[WhiteElo "1860"]
[BlackElo "1920"]
[Result "0-1"]
[Round "1"]
1.e4 e6
2.d4 d5
3.e5 c5
4.Ng1f3 Nb8c6
5.c3 Qd8b6
6.Nb1a3 cxd4
7.cxd4 Ng8h6
8.Na3b5 Bc8d7
9.a3 Nh6f5
10.Bc1e3 a6
11.Nb5c3 Qb6xb2
12.Qd1c1 Qb2b6
13.Ra1b1 Qb6a5
14.Bf1e2 b5
15.O-O Bf8xa3
16.Qc1d2 b4
17.Nc3d1 O-O
18.Nd1b2 Qa5b6
19.Nb2d3 b3
20.Nd3c5 Ba3xc5
21.dxc5 Qb6b7
22.Be3f4 a5
23.Be2d3 a4
24.Qd2b2 a3
25.Qb2xb3 Qb7xb3
26.Rb1xb3 a2
27.Rf1a1 Rf8b8
28.Rb3xb8 Nc6xb8
29.Bd3c2 Bd7b5
30.Bc2b3 Bb5c4
31.Bb3xc4 dxc4
32.Nf3d2 c3
33.Nd2b3 Nb8c6
34.Nb3c1 Nf5d4
35.Ra1xa2 Ra8xa2
36.h3 Ra2a1
37.Kh2 c2
{ resign }
0-1

[Event "Tourn. n8145"]
[Site "www.chess-mail.com"]
[Date "2015.05.03"]
[Round "1"]
[White "Liencam2"]
[Black "Korbacik"]
[WhiteElo "2280"]
[BlackElo "2189"]
[Result "0-1"]
[Round "1"]
1.e4 e5
2.Ng1f3 Nb8c6
3.d4 exd4
4.c3 d5
5.Bf1d3 Ng8f6
6.e5 Nf6e4
7.cxd4 Bf8e7
8.h3 O-O
9.Nb1c3 Bc8f5
10.a3 f6
11.Bc1f4 fxe5
12.Nf3xe5 Nc6xd4
13.Bf4e3 Ne4xc3
14.bxc3 Bf5xd3
15.Qd1xd3 Nd4f5
16.O-O Nf5xe3
17.Qd3xe3 Be7d6
18.Ne5f3 c6
19.Rf1d1 Rf8e8
20.Qe3d3 Re8e4
21.a4 Qd8f6
22.Nf3d4 Ra8f8
23.Ra1a2 Qf6f4
24.g3 Qf4g5
25.Ra2e2 Rf8e8
26.Rd1e1 Re4xe2
27.Re1xe2 Re8xe2
28.Nd4xe2 h5
29.c4 h4
30.Kg2 hxg3
31.fxg3 Qg5e5
32.cxd5 Qe5xd5
33.Qd3xd5 cxd5
34.Kf3 Kf7
35.g4 Ke6
36.Ke3 Ke5
37.Kd3 a6
38.Ne2g3 g6
39.Ng3e2 b5
40.axb5 axb5
41.Ne2c3 b4
42.Nc3b1 Bd6c5
43.h4 Kf4
44.h5 gxh5
45.gxh5 Kg5
46.h6 Kxh6
47.Nb1d2 Kg5
48.Nd2f3 Kf4
49.Nf3e1 b3
50.Kd2 Bc5b4
51.Kc1 Bb4xe1
{ resign }
0-1

[Event "Tourn. n8058"]
[Site "www.chess-mail.com"]
[Date "2015.05.03"]
[Round "1"]
[White "Difficult"]
[Black "Julian"]
[WhiteElo "2080"]
[BlackElo "2000"]
[Result "1-0"]
[Round "1"]
1.e4 c5
2.Ng1f3 d6
3.Bf1b5 Bc8d7
4.Bb5xd7 Qd8xd7
5.O-O Nb8c6
6.d4 cxd4
7.Nf3xd4 Ng8f6
8.Nb1c3 Nc6xd4
9.Qd1xd4 e6
10.Bc1e3 Bf8e7
11.h3 O-O
12.Rf1d1 a6
13.e5 Nf6d5
14.Nc3xd5 exd5
15.Qd4xd5 Rf8d8
16.exd6 Be7f6
17.c3 b5
18.Ra1c1 Ra8c8
19.Be3b6 Rd8e8
20.Rd1e1 Re8xe1
21.Rc1xe1 g6
22.Bb6c7 Rc8xc7
23.dxc7 Qd7xd5
24.c8Q Kg7
25.a3 Qd5b3
26.Re1e3 Qb3xb2
27.g3 Qb2xa3
28.Kg2 a5
29.Re3e8 Qa3xc3
30.Re8g8 Kh6
31.Qc8g4 Qc3c6
32.Kh2 Qc6c2
33.Qg4f4 Bf6g5
34.Qf4xf7 Qc2b2
35.Kg2 Bg5f6
36.Qf7f8 Kh5
37.Qf8f7 Bf6d4
38.Qf7xh7 { resign }
1-0

[Event "Tourn. n8077"]
[Site "www.chess-mail.com"]
[Date "2015.05.03"]
[Round "1"]
[White "Emmanuelasi"]
[Black "Senitram"]
[WhiteElo "2250"]
[BlackElo "2590"]
[Result "0-1"]
[Round "1"]
1.e4 c5
2.d4 cxd4
3.c3 dxc3
4.Nb1xc3 Nb8c6
5.Ng1f3 d6
6.Bf1c4 a6
7.O-O Ng8f6
8.e5 dxe5
9.Qd1xd8 Nc6xd8
10.Nf3xe5 Bc8e6
11.Bc4e2 g6
12.Be2f3 Bf8g7
13.Bc1e3 Ra8c8
14.Rf1d1 O-O
15.Ra1c1 Rf8e8
16.h3 Be6f5
17.g4 Bf5e6
18.Bf3g2 h5
19.g5 Nf6e4
20.Nc3xe4 Bg7xe5
21.b3 Be5b2
22.Rc1xc8 Be6xc8
23.Be3d4 Bb2xd4
24.Rd1xd4 Nd8e6
25.Rd4d2 h4
26.Rd2e2 Re8d8
27.Kh2 Kg7
28.Re2c2 b6
29.Rc2c6 Ne6f4
30.Rc6xb6 Rd8d4
31.Ne4c5 Rd4d2
32.Kg1 a5
33.a4 Bc8xh3
34.Bg2xh3 Nf4xh3
35.Kg2 Nh3xf2
36.Kg1 h3
37.Rb6b7 Nf2g4
{ resign }
0-1

[Event "Tourn. n8036"]
[Site "www.chess-mail.com"]
[Date "2015.05.03"]
[Round "1"]
[White "Luban"]
[Black "Samael"]
[WhiteElo "2100"]
[BlackElo "2090"]
[Result "0-1"]
[Round "1"]
1.d4 d5
2.Ng1f3 e6
3.e3 Ng8f6
4.a3 a6
5.c4 Bf8e7
6.Nb1c3 O-O
7.Bf1d3 Nb8c6
8.O-O h6
9.e4 dxe4
10.Bd3xe4 Nf6xe4
11.Nc3xe4 Bc8d7
12.Bc1e3 b6
13.Qd1c2 Ra8c8
14.Ra1c1 f5
15.Ne4g3 f4
16.Be3xf4 Rf8xf4
17.d5 exd5
18.cxd5 Nc6b8
19.Nf3e5 Bd7e8
20.Rf1d1 Be7d6
21.Ne5c6 Nb8xc6
22.dxc6 Qd8f6
23.Ng3e4 Qf6e5
24.Ne4xd6 cxd6
25.Qc2b3 Kf8
26.Qb3xb6 a5
27.Rd1e1 Qe5d5
28.c7 Be8d7
29.Re1d1 Qd5e6
30.Rd1xd6 Qe6e7
31.Rc1d1 Rf4e4
32.h3 Re4e1
33.Rd1xe1 Qe7xe1
34.Kh2 Ke8
35.b4 axb4
36.axb4 Qe1c3
37.Rd6e6 Kf7
38.Re6e3 Qc3xc7
39.Qb6xc7 Rc8xc7
40.Kg3 Rc7b7
41.Re3e4 g6
42.f4 Bd7f5
43.Re4d4 Ke7
44.Kf3 Bf5e6
45.g4 Rb7c7
46.Ke4 Rc7c4
47.Rd4xc4 Be6xc4
48.h4 Ke6
49.Kd4 Bc4e2
50.g5 hxg5
51.hxg5 Kf5
52.Ke3 Be2b5
53.Kf3 Bb5c6
54.Kg3 Ke4
{ resign }
0-1

[Event "Tourn. n8120"]
[Site "www.chess-mail.com"]
[Date "2015.05.03"]
[Round "1"]
[White "Stepanpech"]
[Black "Cathar"]
[WhiteElo "2460"]
[BlackElo "2230"]
[Result "1-0"]
[Round "1"]
1.e4 e6
2.d4 d5
3.Nb1d2 Nb8c6
4.Ng1f3 Ng8f6
5.e5 Nf6d7
6.Nd2b3 a5
7.a4 Bf8e7
8.Bf1b5 Nc6a7
9.Bb5d3 b6
10.O-O c5
11.c4 O-O
12.cxd5 exd5
13.Qd1c2 h6
14.Bc1d2 c4
15.Bd3h7 Kh8
16.Nb3c1 Na7c6
17.b3 Bc8a6
18.bxc4 dxc4
19.Nc1e2 Nc6b4
20.Qc2b1 Ra8c8
21.Bh7e4 c3
22.Ne2xc3 Ba6xf1
23.Kxf1 Nd7b8
24.Kg1 Rc8c4
25.Nc3e2 Nb8c6
26.Bd2e3 Nb4d5
27.Qb1a2 { resign }
1-0

[Event "Tourn. n8115"]
[Site "www.chess-mail.com"]
[Date "2015.05.03"]
[Round "1"]
[White "Emmanuelasi"]
[Black "Gorgo"]
[WhiteElo "2330"]
[BlackElo "2230"]
[Result "0-1"]
[Round "1"]
1.e4 e5
2.Ng1f3 Nb8c6
3.Bf1b5 Ng8f6
4.O-O a6
5.Bb5a4 d6
6.d4 b5
7.Ba4b3 Nc6xd4
8.Nf3xd4 exd4
9.c3 dxc3
10.Nb1xc3 Bf8e7
11.Qd1e2 Bc8g4
12.f3 Bg4e6
13.Bb3xe6 fxe6
14.e5 dxe5
15.Qe2xe5 Qd8d6
16.Qe5e2 O-O
17.Rf1e1 b4
18.Nc3a4 Rf8e8
19.Qe2xe6 Qd6xe6
20.Re1xe6 Kf7
21.Re6c6 Be7d6
22.Bc1g5 Re8e2
23.Ra1c1 Ra8e8
24.Bg5xf6 Kxf6
25.Na4c5 Re2xb2
26.Nc5e4 Re8xe4
27.fxe4 Rb2xa2
28.Rc1b1 a5
29.g3 Ke5
30.Rc6c4 c5
31.Rb1b3 a4
32.Rb3f3 b3
33.Rf3f5 Ke6
34.Rf5d5 b2
{ resign }
0-1

[Event "Tourn. n8186"]
[Site "www.chess-mail.com"]
[Date "2015.05.03"]
[Round "1"]
[White "Bojan"]
[Black "Silent1"]
[WhiteElo "1980"]
[BlackElo "1940"]
[Result "1-0"]
[Round "1"]
1.e4 e5
2.Ng1f3 d6
3.d4 exd4
4.Nf3xd4 Bf8e7
5.Nb1c3 Ng8f6
6.Bf1c4 O-O
7.h3 Bc8d7
8.Qd1f3 Nb8c6
9.Bc1e3 Nc6xd4
10.Be3xd4 c5
11.Bd4e3 Bd7e6
12.Bc4xe6 fxe6
13.Qf3g3 a6
14.Be3h6 Rf8f7
15.O-O g6
16.Ra1d1 Be7f8
17.Bh6g5 h6
18.Bg5f4 Kg7
19.Bf4xd6 Qd8c8
20.Bd6e5 Bf8e7
21.Rd1d2 b5
22.Rf1d1 Qc8f8
23.Be5f4 Nf6h5
24.Bf4e5 Be7f6
25.Be5xf6 Nh5xf6
26.e5 Nf6h5
27.Qg3e3 Kh7
28.Nc3e4 Rf7f5
29.Rd2d7 Rf5f7
30.Ne4xc5 Rf7xd7
31.Rd1xd7 Kh8
32.Nc5xe6 { resign }
1-0

[Event "Tourn. n7938"]
[Site "www.chess-mail.com"]
[Date "2015.05.03"]
[Round "1"]
[White "Sonivano"]
[Black "Tenzinnima"]
[WhiteElo "2300"]
[BlackElo "2050"]
[Result "1-0"]
[Round "1"]
1.e4 c5
2.Ng1f3 g6
3.d4 cxd4
4.Nf3xd4 Bf8g7
5.c4 Nb8c6
6.Nd4xc6 bxc6
7.Qd1c2 Ng8f6
8.Nb1c3 O-O
9.Bf1e2 d5
10.cxd5 cxd5
11.exd5 Nf6xd5
12.Nc3xd5 Qd8xd5
13.Be2f3 Qd5e5
14.Qc2e4 Qe5xe4
15.Bf3xe4 Ra8b8
16.Ra1b1 Bc8a6
17.b3 Rf8d8
18.Bc1b2 Rb8b4
19.f3 Bg7xb2
20.Rb1xb2 Rb4d4
21.Kf2 Rd4d2
22.Rb2xd2 Rd8xd2
23.Kg3 Rd2xa2
24.Rh1d1 f5
25.Be4d5 Kg7
26.Rd1e1 Ba6e2
27.Bd5c4 Be2xc4
28.bxc4 Kf7
29.Re1c1 e5
30.c5 Ke7
31.c6 Kd8
32.Rc1c5 Kc7
33.Rc5xe5 Kxc6
34.Re5e7 a5
35.Re7xh7 a4
36.Rh7g7 a3
37.Rg7xg6 Kb5
38.Rg6g8 Ra2c2
39.Rg8a8 Kb4
40.h4 Rc2c5
41.Kf4 Rc5a5
42.Ra8b8 Ka4
43.Rb8b1 a2
44.Rb1a1 Kb3
45.g4 fxg4
46.fxg4 Kb2
47.Ra1xa2 Ra5xa2
48.h5 Kc3
49.h6 Kd4
50.Kf5 Ra2f2
51.Kg6 Ke5
52.g5 Rf2h2
53.Kg7  { time }
1-0

[Event "Tourn. n8121"]
[Site "www.chess-mail.com"]
[Date "2015.05.03"]
[Round "1"]
[White "Goga"]
[Black "Tenzinnima"]
[WhiteElo "1960"]
[BlackElo "1890"]
[Result "1-0"]
[Round "1"]
1.c4 c5
2.Nb1c3 Ng8f6
3.g3 Nb8c6
4.Bf1g2 g6
5.e3 Bf8g7
6.Ng1e2 d6
7.O-O Bc8g4
8.Qd1b3 Ra8b8
9.d4 O-O
10.h3 Nc6a5
11.Qb3c2 Bg4e6
12.d5 Be6d7
13.b3 b5
14.cxb5 Bd7xb5
15.Ra1b1 Bb5a6
16.Rf1e1 Nf6d7
17.e4 Nd7e5
18.Qc2d2 Qd8c7
19.Re1d1 Na5c4
20.Qd2c2 Nc4b6
21.Bc1e3 Nb6d7
22.Nc3a4 c4
23.Be3d4 Rf8c8
24.Ne2f4 Ne5d3
25.Bd4xg7 Kxg7
26.Nf4xd3 cxd3
27.Qc2b2 Nd7f6
28.Rb1c1 Qc7b7
29.Na4c3 Qb7b4
30.Nc3b1 Kg8
31.Nb1d2 Rc8xc1
32.Qb2xc1 Rb8c8
33.Nd2c4 Ba6xc4
34.bxc4 Rc8xc4
35.Qc1d2 Qb4xd2
36.Rd1xd2 Nf6xe4
37.Bg2xe4 Rc4xe4
38.Rd2xd3  { time }
1-0

[Event "Tourn. n8121"]
[Site "www.chess-mail.com"]
[Date "2015.05.03"]
[Round "1"]
[White "Tenzinnima"]
[Black "T9l9"]
[WhiteElo "1890"]
[BlackElo "1899"]
[Result "0-1"]
[Round "1"]
1.Ng1f3 Ng8f6
2.d4 e6
3.Bc1g5 d5
4.c4 Bf8e7
5.Nb1c3 h6
6.Bg5h4 O-O
7.e3 b6
8.Bf1d3 Bc8b7
9.O-O Nb8d7
10.Qd1e2 c5
11.Ra1c1 Nf6e4
12.Bh4xe7 Qd8xe7
13.cxd5 exd5
14.Bd3a6 Nd7f6
15.Ba6xb7 Qe7xb7
16.dxc5 bxc5
17.Rf1d1 Ra8d8
18.Nc3a4 Rd8c8
19.Nf3d2 c4
 { time }
0-1

[Event "Tourn. n8121"]
[Site "www.chess-mail.com"]
[Date "2015.05.03"]
[Round "1"]
[White "Tenzinnima"]
[Black "Fred"]
[WhiteElo "1890"]
[BlackElo "2060"]
[Result "0-1"]
[Round "1"]
1.c4 e5
2.Nb1c3 Bf8c5
3.Ng1f3 d6
4.d4 exd4
5.Nf3xd4 Bc8g4
6.g3 Nb8d7
7.Bf1g2 c6
8.O-O h6
9.Nc3e4 Ng8f6
10.Ne4xc5 Nd7xc5
11.Bc1f4 O-O
12.Qd1c2 Qd8e7
13.b4 Nc5d7
14.Rf1e1 Ra8e8
15.b5 c5
16.Nd4f5 Bg4xf5
17.Qc2xf5 Nd7e5
18.Qf5c2 Nf6h5
19.Bf4xe5 dxe5
20.Ra1d1 f5
21.Bg2d5 Kh8
22.Kh1 f4
23.Qc2g6 Nh5f6
24.gxf4 Nf6xd5
25.Rd1xd5 Rf8f6
26.Qg6h5 Rf6xf4
 { time }
0-1

[Event "Match"]
[Site "www.echecsemail.com"]
[Date "2015.05.03"]
[Round "1"]
[White "Chapi"]
[Black "Andradamaria"]
[WhiteElo "2000"]
[BlackElo "2249"]
[Result "1-0"]
[Round "1"]
1.d4 Ng8f6
2.c4 g6
3.Nb1c3 d5
4.cxd5 Nf6xd5
5.Ng1f3 Nd5b6
6.e4 Bf8g7
7.Bc1f4 O-O
8.Bf1e2 Bc8g4
9.d5 Bg4xf3
10.Be2xf3 Nb8d7
11.O-O Nd7e5
12.Bf3e2 Nb6d7
13.Qd1c2 Ra8c8
14.Ra1c1 a6
15.Nc3a4 b5
16.Na4c5 Nd7xc5
17.Qc2xc5 Qd8d6
18.Qc5c3 b4
19.Qc3g3 Qd6f6
20.Rc1c2 a5
21.Rf1c1 c5
22.Rc2xc5 Rc8xc5
23.Rc1xc5 Rf8a8
24.Rc5c7 Kf8
25.Bf4g5 Qf6d6
26.Bg5xe7 Qd6xe7
27.Rc7xe7 Kxe7
28.f4 { resign }
1-0

[Event "Match"]
[Site "www.echecsemail.com"]
[Date "2015.05.03"]
[Round "1"]
[White "Wwgia"]
[Black "F14"]
[WhiteElo "2060"]
[BlackElo "1900"]
[Result "1-0"]
[Round "1"]
1.d4 Ng8f6
2.c4 g6
3.Nb1c3 Bf8g7
4.e4 d6
5.Ng1f3 c6
6.Bf1e2 O-O
7.O-O Qd8c7
8.h3 Nb8d7
9.Rf1e1 Rf8d8
10.Bc1e3 e5
11.d5 a6
12.Ra1c1 Nd7b6
13.Be2f1 Bc8d7
14.c5 dxc5
15.d6 Qc7b8
16.Be3xc5 Nb6c8
17.Nf3xe5 b6
18.Bc5a3 Bd7e6
19.b3 Bg7f8
20.Ne5xc6 Qb8xd6
21.Ba3xd6 Nc8xd6
22.Nc6xd8 Ra8xd8
23.Nc3d5 Nf6xd5
24.exd5 Nd6f5
25.dxe6 Rd8xd1
26.exf7 Kxf7
27.Re1xd1 b5
28.Rc1c7 Kf6
29.Rc7xh7 { resign }
1-0

[Event "Match"]
[Site "www.echecsemail.com"]
[Date "2015.05.03"]
[Round "1"]
[White "Ztornad"]
[Black "Whitekknight"]
[WhiteElo "1670"]
[BlackElo "1880"]
[Result "0-1"]
[Round "1"]
1.Nb1c3 e5
2.e4 Ng8f6
3.g4 d5
4.exd5 Bc8xg4
5.Ng1e2 Nf6xd5
6.h3 Bg4f3
7.Rh1h2 Bf8d6
8.Nc3xd5 Bf3xd5
9.Ne2c3 Bd5e6
10.Bf1g2 c6
11.d4 exd4
12.Rh2h1 dxc3
13.bxc3 O-O
14.Bc1b2 Rf8e8
15.Kf1 Be6c4
16.Kg1 Qd8c7
17.a4 Bd6c5
18.Qd1f3 Bc4d5
19.Qf3g4 Bd5e6
20.Qg4g5 Nb8d7
21.c4 Bc5xf2
22.Kxf2 Qc7b6
23.Kg3 Qb6xb2
24.Rh1c1 Qb2e5
25.Qg5xe5 Nd7xe5
26.c5 Ra8d8
27.Ra1b1 Re8e7
28.Rb1b4 a5
29.Rb4f4 Ne5g6
30.Rf4f2 Rd8d4
31.Rc1e1 Kf8
32.Re1e4 Re7d7
33.Re4xe6 Rd4xa4
34.Bg2e4 Rd7e7
35.Re6xe7 Kxe7
36.Rf2e2 Kf8
37.Be4f5 Ra4b4
38.Re2e3 Ng6e7
39.Re3b3 Ne7xf5
40.Kf2 Nf5d4
41.Rb3a3 Nd4xc2
42.Ra3xa5 g6
43.Ra5a2 Nc2d4
44.Ra2a8 Kg7
45.Ke3 Nd4e6
46.Ra8a5 Rb4b5
47.Ra5a2 Ne6xc5
48.h4 f5
49.Ra2g2 h6
50.h5 g5
51.Kd4 Nc5e6
52.Kc4 Ne6f4
53.Rg2h2 g4
54.Rh2d2 Rb5d5
55.Rd2a2 g3
56.Ra2a1 g2
57.Kc3 Nf4h3
58.Ra1b1 Rd5d7
59.Rb1e1 g1Q
60.Re1xg1 Nh3xg1
61.Kc4 f4
62.Kc5 f3
63.Kb6 f2
64.Ka7 f1Q
65.Kb8 b5
66.Kc8 Qf1f7
{ resign }
0-1

[Event "Match"]
[Site "www.echecsemail.com"]
[Date "2015.05.03"]
[Round "1"]
[White "Mitja"]
[Black "Bojan"]
[WhiteElo "1590"]
[BlackElo "1910"]
[Result "1/2-1/2"]
[Round "1"]
1.d4 d5
2.e3 Bc8f5
3.c3 a6
4.h3 Nb8c6
5.Nb1d2 e5
6.dxe5 Nc6xe5
7.Nd2f3 Ne5xf3
8.Ng1xf3 Ng8f6
9.Qd1b3 b5
10.Nf3d4 Bf5d7
11.Bf1e2 c5
12.Nd4f3 h6
13.Nf3e5 Bd7e6
14.Qb3c2 Bf8d6
15.Ne5f3 Qd8d7
16.b3 Be6f5
17.Be2d3 Bf5e6
18.c4 Bd6c7
19.Qc2e2 O-O
20.cxb5 Bc7a5
21.Nf3d2 axb5
22.Bd3xb5 Qd7b7
23.f3 Ba5c3
24.Ra1b1 Ra8xa2
25.Kf2 Qb7c7
26.Qe2d3 Bc3b4
27.Bc1b2 Nf6h5
28.f4 d4
29.Bb5c4 dxe3
30.Qd3xe3 Rf8d8
31.Rh1d1 Be6f5
32.Bb2e5 Qc7e7
33.Rb1b2 Ra2xb2
34.Be5xb2 Qe7h4
35.Kg1 Nh5xf4
36.Bc4f1 Qh4g5
37.Kh2 Bf5c2
38.Nd2f3 Rd8xd1
39.Nf3xg5 hxg5
40.Bf1c4 Rd1d2
41.Qe3e8 Kh7
42.Qe8xf7 Rd2xg2
43.Kh1 Kh6
44.Qf7xg7 Kh5
45.Qg7h8 Kg6
46.Bb2e5 Bc2e4
47.Be5xf4 Rg2g4
48.Kh2 Rg4g2
49.Kh1 Rg2g4
{ draw }
1/2-1/2

[Event "Match"]
[Site "www.echecsemail.com"]
[Date "2015.05.03"]
[Round "1"]
[White "Reanna"]
[Black "Swampcat"]
[WhiteElo "1590"]
[BlackElo "1359"]
[Result "0-1"]
[Round "1"]
1.c4 c5
2.e4 Nb8c6
3.Ng1f3 d6
4.Bf1e2 Ng8f6
5.O-O Nf6xe4
6.d3 Ne4f6
7.Nb1c3 g6
8.Nc3d5 Nf6xd5
9.cxd5 Nc6d4
10.Nf3xd4 cxd4
11.Bc1d2 Bf8g7
12.Be2h5 gxh5
13.Qd1a4 Bc8d7
14.Qa4c2 Ra8c8
15.Qc2b3 b6
16.Rf1e1 O-O
17.a4 e6
18.a5 Rf8e8
19.axb6 Qd8xb6
20.Bd2b4 a5
21.Ra1xa5 Rc8a8
22.Ra5xa8 Re8xa8
23.h3 Ra8b8
24.dxe6 Bd7xe6
25.Qb3a3 Qb6xb4
26.Qa3xb4 Rb8xb4
27.Re1e2 Rb4b3
28.Kh2 Rb3xd3
29.f3 Rd3b3
30.f4 d3
31.Re2d2 Bg7xb2
32.g4 hxg4
33.hxg4 Be6xg4
34.Kg3 f5
35.Kf2 h5
36.Kg3 Bb2c1
37.Rd2a2 d2
38.Kh4 d1Q
39.Ra2a8 Kf7
40.Kg5 Bc1xf4
{ resign }
0-1

[Event "Match"]
[Site "www.echecsemail.com"]
[Date "2015.05.03"]
[Round "1"]
[White "Drharislacan"]
[Black "Chapi"]
[WhiteElo "1699"]
[BlackElo "1980"]
[Result "0-1"]
[Round "1"]
1.e4 c5
2.Ng1f3 d6
3.d4 cxd4
4.Nf3xd4 Nb8c6
5.c4 g6
6.Nb1c3 Bf8g7
7.Bc1e3 Ng8f6
8.Bf1e2 O-O
9.Qd1d2 Nf6g4
10.Be2xg4 Bc8xg4
11.h3 Bg4e6
12.g4 Be6xc4
13.f4 Nc6b4
14.h4 e5
15.Nd4f5 gxf5
16.exf5 exf4
17.Rh1h2 fxe3
18.f6 exd2
19.Kxd2 Qd8xf6
20.g5 Qf6f4
21.Kd1 Qf4xh2
22.Kc1 Bc4d3
23.Kd1 Bg7xc3
24.bxc3 Qh2c2
{ resign }
0-1